000 00554nam a2200181Ia 4500
001 23965
005 20260414151012.0
008 260414t2012||||xx |||||||||||||| ||spa||
041 _aESP
082 _a726.6
_bZ58
100 _aZegarra Moretti, Carlos
_eAUT
245 0 _aLa catedral de Ayaviri en el tiempo :
_bestudio histórico y artístico de la iglesia San Francisco de Asís de Ayaviri desde el siglo XVI a la actualidad
260 _c2012
300 _a436 páginas :
_c23 cm.
650 _aABD
654 _aCAU
942 _cLIB
_dJUS
_fJUS
_2ddc
_n
999 _c23965
_d23965